000 00357nam a2200145 i 4500
001 bg
100 1 _aWEISS, Lech J.
245 0 _aElementy i układy elektroniczne /
_cLech J. Weiss. Cz.1.
250 _aWyd.2.popr.i uzipel.
260 _aBydgoszcz,
_c1980.
040 _cBPK
041 _apol
942 _cKS
008 s pl f |000 0 pol
999 _c19636
_d19636
856 _uhttp://koha.tu.koszalin.pl/cgi-bin/koha/opac-detail.pl?biblionumber=19636
_yKatalog online BPK